000 01033cab a22001935a 4500
001 L147515
008 090519s2009 xxk f 000 0 eng d
035 _a(Sirsi) u147515
041 0 _aeng
100 1 _aLenton, Ben
245 0 0 _aHire wire act
260 _c2009
490 _aThe Estate Agent
_vMay 2009, 20-21(2)
520 _aProblems of carrying out a valuation of a property blighted by overhead electricity powerlines and pylons. Stresses that it is not only the visual impact but also health and safety issues such as concerns of electro- magnetic fields which effects value. Suggests that factors which affect value are the size of the electricity line or pylon, value of the property and distance from the lines. Compensation claims against electricity company for the loss of value can also be initiated by the current owner and then transferred to new purchaser
590 _aKA
651 4 _aUnited Kingdom
_y
690 _aPROPERTY-RESIDENTIAL PROPERTY-RESIDENTIAL PROPERTY APPRAISAL AND VALUATION
942 _n0
999 _c81553
_d81553